[Event "CRO-chT (Women) 30th"]
[Site "Porec"]
[Date "2022.09.29"]
[Round "7.1"]
[White "Trgovac, Mira"]
[Black "Batory, Lucija"]
[Result "0-1"]
[WhiteElo "1639"]
[BlackElo "1698"]
[PlyCount "56"]
[EventDate "2022.09.24"]
[EventType "team-tourn"]
[EventRounds "9"]
[EventCountry "CRO"]
[SourceTitle "CBM 210 Extra"]
[Source "ChessBase"]
[SourceDate "2022.11.30"]
[SourceVersion "1"]
[SourceVersionDate "2022.11.30"]
[SourceQuality "1"]
[WhiteTeam "Busevec Polet (W)"]
[BlackTeam "Strizivojna Amater (W)"]
[WhiteTeamCountry "CRO"]
[BlackTeamCountry "CRO"]

1. d4 d5 2. Nf3 Nf6 3. c4 e6 4. cxd5 exd5 5. Bg5 h6 6. Bh4 Bf5 7. a3 Be7 8. e3 0-0 9. Bd3 Bxd3 10. Qxd3 c6 11. Nc3 Qb6 12. 0-0 Nbd7 13. Ne5 Rfe8 14. Nxd7 Nxd7 15. Bxe7 Rxe7 16. b4 Qc7 17. Rfc1 Nf6 18. b5 Re6 19. a4 Rc8 20. Qb1 b6 21. e4 dxe4 22. d5 cxd5 23. Ne2 Qd7 24. Nd4 Re5 25. Nc6 Ree8 26. Qb4 Kh8 27. Rc3 d4 28. Nxd4 Nd5 0-1

[Event "CRO-chT (Women) 30th"]
[Site "Porec"]
[Date "2022.09.24"]
[Round "1.2"]
[White "Vujic, Agata"]
[Black "Trgovac, Mira"]
[Result "1/2-1/2"]
[WhiteElo "1664"]
[BlackElo "1639"]
[PlyCount "53"]
[EventDate "2022.09.24"]
[EventType "team-tourn"]
[EventRounds "9"]
[EventCountry "CRO"]
[SourceTitle "CBM 210 Extra"]
[Source "ChessBase"]
[SourceDate "2022.11.30"]
[SourceVersion "1"]
[SourceVersionDate "2022.11.30"]
[SourceQuality "1"]
[WhiteTeam "Kastav (W)"]
[BlackTeam "Busevec Polet (W)"]
[WhiteTeamCountry "CRO"]
[BlackTeamCountry "CRO"]

1. e4 e6 2. b3 d5 3. Bb2 d4 4. Nf3 c5 5. c3 dxc3 6. Nxc3 Nf6 7. Qc2 Nc6 8. e5 Nd5 9. Rd1 Nxc3 10. Bxc3 Qb6 11. Be2 Bd7 12. 0-0 Rc8 13. Qe4 Ne7 14. b4 Bc6 15. bxc5 Qxc5 16. Qg4 Bxf3 17. Bxf3 h5 18. Qe4 b5 19. Qb4 Nd5 20. Rb1 Nxc3 21. dxc3 a6 22. a4 Qxe5 23. axb5 axb5 24. Qxb5+ Qxb5 25. Rxb5 Rxc3 26. Bxh5 g6 27. Bf3 1/2-1/2

[Event "CRO-chT (Women) 29th"]
[Site "Mali Losinj"]
[Date "2021.09.30"]
[Round "6.4"]
[White "Ivekovic, Tihana"]
[Black "Trgovac, Mira"]
[Result "1/2-1/2"]
[WhiteElo "2093"]
[BlackElo "1619"]
[PlyCount "67"]
[EventDate "2021.09.25"]
[EventType "team-tourn"]
[EventRounds "9"]
[EventCountry "CRO"]
[SourceTitle "CBM 204 Extra"]
[Source "ChessBase"]
[SourceDate "2021.11.30"]
[SourceVersion "1"]
[SourceVersionDate "2021.11.30"]
[SourceQuality "1"]
[WhiteTeam "Rijeka Liburnija (W)"]
[BlackTeam "Busevec Polet (W)"]
[WhiteTeamCountry "CRO"]
[BlackTeamCountry "CRO"]

1. d4 d5 2. c4 e6 3. Nf3 Nf6 4. g3 Be7 5. Bg2 0-0 6. 0-0 Nbd7 7. Qc2 c6 8. Nc3 b6 9. e4 dxe4 10. Nxe4 Bb7 11. Rd1 Nxe4 12. Qxe4 Nf6 13. Qe2 Qc8 14. Ne5 c5 15. d5 exd5 16. cxd5 Bd6 17. Nc4 Ba6 18. b3 Re8 19. Qc2 Bxc4 20. bxc4 Qg4 21. Be3 Qg6 22. Qxg6 hxg6 23. a4 Ng4 24. Ra3 Nxe3 25. fxe3 f5 26. Kf2 Kf7 27. Re1 Re7 28. Re2 Rae8 29. Raa2 Re5 30. Rac2 Kf6 31. Ra2 R5e7 32. Rac2 Re5 33. Ra2 R5e7 34. Rac2 1/2-1/2

[Event "CRO-ch (Women)"]
[Site "Vinkovci"]
[Date "2021.08.27"]
[Round "7"]
[White "Roklicer, Heike"]
[Black "Trgovac, Mira"]
[Result "1-0"]
[WhiteElo "2028"]
[BlackElo "1611"]
[PlyCount "133"]
[EventDate "2021.08.22"]
[EventType "swiss"]
[EventRounds "9"]
[EventCountry "CRO"]
[SourceTitle "CBM 204 Extra"]
[Source "ChessBase"]
[SourceDate "2021.11.30"]
[SourceVersion "1"]
[SourceVersionDate "2021.11.30"]
[SourceQuality "1"]

1. d4 d5 2. c4 e6 3. Nc3 Nf6 4. Nf3 Be7 5. Bf4 c6 6. e3 0-0 7. Bd3 Nbd7 8. 0-0 Nh5 9. Bg3 Nxg3 10. hxg3 Bf6 11. cxd5 exd5 12. Nh2 g6 13. f4 Re8 14. Qd2 Bg7 15. g4 Nf8 16. Na4 Nd7 17. Rf3 Nf6 18. Rg3 Re7 19. g5 Ne8 20. Rf1 Nd6 21. Nf3 Ne4 22. Bxe4 Rxe4 23. Nc5 Re8 24. Nh4 h6 25. Nf3 Re7 26. gxh6 Bxh6 27. Ne5 Bg7 28. Ncd3 Bf5 29. Kf2 Qe8 30. Nf3 f6 31. Nh4 Kf7 32. Nxf5 gxf5 33. Qc2 Qd7 34. Rh1 Rh8 35. Rxh8 Bxh8 36. Qe2 Kf8 37. Nc5 Qc8 38. Qh5 Bg7 39. Qh7 b6 40. Nd3 Qe6 41. Qh5 Qe4 42. Qd1 Rc7 43. Ke2 Re7 44. Kd2 Qe6 45. Qb3 Rc7 46. Qb4+ Kf7 47. Qc3 Bf8 48. Rh3 Qe4 49. Rh7+ Bg7 50. Rh2 Bf8 51. b4 Qe7 52. Rh7+ Bg7 53. Nf2 Kg8 54. Rh5 Qd7 55. Qd3 Bf8 56. a3 Qg7 57. Qxf5 Qxg2 58. Qe6+ Kg7 59. Ke2 Qg6 60. Rh4 Qf7 61. Qf5 Kg8 62. Ng4 Bg7 63. Nh6+ Bxh6 64. Rxh6 Qd7 65. Rg6+ Kh8 66. Qxf6+ Kh7 67. Rh6+ 1-0

[Event "CRO-ch (Women)"]
[Site "Vinkovci"]
[Date "2021.08.24"]
[Round "4"]
[White "Mihaljevic, Eva"]
[Black "Trgovac, Mira"]
[Result "1-0"]
[WhiteElo "1593"]
[BlackElo "1611"]
[PlyCount "83"]
[EventDate "2021.08.22"]
[EventType "swiss"]
[EventRounds "9"]
[EventCountry "CRO"]
[SourceTitle "CBM 204 Extra"]
[Source "ChessBase"]
[SourceDate "2021.11.30"]
[SourceVersion "1"]
[SourceVersionDate "2021.11.30"]
[SourceQuality "1"]

1. d4 Nf6 2. Bf4 g6 3. Nc3 d5 4. e3 Bg7 5. h4 Bf5 6. Be2 h5 7. Nf3 c6 8. a3 Nbd7 9. Ng5 Qb6 10. b4 0-0 11. 0-0 Rfe8 12. Na4 Qd8 13. Nc5 Nxc5 14. bxc5 Nd7 15. g4 hxg4 16. Bxg4 Bxg4 17. Qxg4 e5 18. Bg3 f5 19. Qd1 exd4 20. exd4 Qf6 21. c3 f4 22. Bh2 Qf5 23. Qf3 Rf8 24. Rfe1 Bh6 25. Nh3 Rf7 26. Re2 Raf8 27. Rae1 Rh7 28. Re7 Rff7 29. Re8+ Kg7 30. Ra8 a6 31. Ree8 Nf6 32. Re5 Qg4+ 33. Qxg4 Nxg4 34. Ree8 Nf6 35. Reb8 Nh5 36. Ng5 Bxg5 37. hxg5 Rd7 38. Ra7 Kf7 39. Rbxb7 Rxb7 40. Rxb7+ Kg8 41. Rb8+ Kf7 42. Rb6 1-0

[Event "CRO-ch (Women)"]
[Site "Vinkovci"]
[Date "2021.08.22"]
[Round "1"]
[White "Trgovac, Mira"]
[Black "Vujnovic, Patricija"]
[Result "0-1"]
[WhiteElo "1611"]
[BlackElo "2165"]
[PlyCount "140"]
[EventDate "2021.08.22"]
[EventType "swiss"]
[EventRounds "9"]
[EventCountry "CRO"]
[SourceTitle "CBM 204 Extra"]
[Source "ChessBase"]
[SourceDate "2021.11.30"]
[SourceVersion "1"]
[SourceVersionDate "2021.11.30"]
[SourceQuality "1"]

1. d4 Nf6 2. c4 e6 3. Nf3 b6 4. Bf4 Bb7 5. Nc3 Bb4 6. e3 Ne4 7. Rc1 0-0 8. Bd3 Bxc3+ 9. bxc3 d6 10. 0-0 Nd7 11. Nd2 Nxd2 12. Qxd2 e5 13. Bg3 Qe7 14. f3 f5 15. Rce1 Qf7 16. Qe2 Rae8 17. d5 Nc5 18. e4 f4 19. Bf2 Qh5 20. Rb1 Rf6 21. Kh1 Rh6 22. Bg1 Bc8 23. Bc2 Rf8 24. Qf2 a5 25. a3 Rff6 26. Bd1 Rfg6 27. Be2 Rg3 28. Rfd1 Rhg6 29. Bf1 Ba6 30. Rd2 Rf6 31. Rbb2 Rg5 32. Rb1 Qe8 33. Qe1 Nd7 34. Rc2 Rh5 35. Qf2 Nf8 36. Ra2 Rfh6 37. Rc1 Rh4 38. g3 fxg3 39. Qxg3 Qe7 40. Rg2 Rg6 41. Qf2 Rf4 42. Rxg6 Nxg6 43. Be2 Nh4 44. Rf1 Ng6 45. Qg3 Rf8 46. Be3 Nf4 47. Bxf4 Rxf4 48. Rg1 Bc8 49. Qg5 Rf6 50. Rg3 h6 51. Qe3 Kh7 52. Bf1 Qe8 53. Qg1 Qf7 54. Qe3 Rf4 55. Bh3 Bxh3 56. Rxh3 Qd7 57. Rg3 Qa4 58. Qg1 Rf7 59. Rg6 Qxc4 60. Re6 g5 61. h4 Qxc3 62. Rxh6+ Kxh6 63. Qxg5+ Kh7 64. Qh5+ Kg8 65. Qg4+ Rg7 66. Qc8+ Kh7 67. Qf5+ Kh6 68. Qf6+ Kh5 69. Qxg7 Qxf3+ 70. Kh2 Qf2+ 0-1

[Event "CRO-ch U19"]
[Site "Split"]
[Date "2021.07.27"]
[Round "4"]
[White "Nikolic, Lara"]
[Black "Trgovac, Mira"]
[Result "0-1"]
[WhiteElo "1232"]
[BlackElo "1611"]
[PlyCount "82"]
[EventDate "2021.07.25"]
[EventType "swiss"]
[EventRounds "9"]
[EventCountry "CRO"]
[SourceTitle "EXT 2022"]
[Source "ChessBase"]
[SourceDate "2021.10.06"]
[SourceVersion "1"]
[SourceVersionDate "2021.10.06"]
[SourceQuality "1"]

1. d4 d5 2. Nf3 Nf6 3. Bf4 c5 4. e3 Nc6 5. c3 cxd4 6. exd4 Bf5 7. Bd3 Bg6 8. 0-0 Qb6 9. Bxg6 hxg6 10. Qb3 e6 11. Nbd2 Be7 12. Rfe1 Nh5 13. Bg5 Qxb3 14. axb3 Bd6 15. Ne5 Bxe5 16. dxe5 Kd7 17. g4 f6 18. Be3 Nxe5 19. gxh5 Rxh5 20. Ra2 a6 21. f3 Rah8 22. Re2 Rh3 23. Rf2 g5 24. Bd4 Nd3 25. Rg2 e5 26. Be3 Ne1 27. Rf2 g4 28. c4 g3 29. Re2 gxh2+ 30. Kh1 Nxf3 31. Nxf3 Rxf3 32. Rxh2 Rxh2+ 33. Kxh2 Rxe3 34. cxd5 Rxb3 35. Kg2 Kd6 36. Kf2 Kxd5 37. Ra5+ Kd4 38. Ra2 e4 39. Ra4+ Kd3 40. Ra2 e3+ 41. Ke1 f5 0-1

[Event "CRO-ch U17/U19"]
[Site "Vinkovci"]
[Date "2019.07.25"]
[Round "5"]
[White "Trgovac, Mira"]
[Black "Zuteg, Dorotea"]
[Result "1/2-1/2"]
[WhiteElo "1532"]
[BlackElo "1688"]
[PlyCount "79"]
[EventDate "2019.07.22"]
[EventType "swiss"]
[EventRounds "9"]
[EventCountry "CRO"]
[SourceTitle "EXT 2020"]
[Source "ChessBase"]
[SourceDate "2019.10.17"]
[SourceVersion "1"]
[SourceVersionDate "2019.10.17"]
[SourceQuality "1"]

1. d4 Nf6 2. c4 e5 3. e3 e4 4. Nc3 Bb4 5. Bd2 Bxc3 6. Bxc3 d5 7. h3 0-0 8. b3 Re8 9. Ne2 Be6 10. Nf4 Nbd7 11. g4 g5 12. Nxe6 fxe6 13. c5 c6 14. b4 a6 15. a4 e5 16. Ra2 Qe7 17. Rb2 exd4 18. Bxd4 Ne5 19. Bxe5 Qxe5 20. Qd4 Nd7 21. Be2 Rf8 22. Rd2 Rf6 23. Bd1 Raf8 24. Bc2 Qxd4 25. exd4 Rf3 26. Re2 Rc3 27. Rd2 Rff3 28. Bd1 Rxh3 29. Rxh3 Rxh3 30. Rb2 Rd3 31. Rd2 Rc3 32. b5 axb5 33. axb5 cxb5 34. Be2 b4 35. Rb2 b3 36. Kd2 Rh3 37. Bf1 Rf3 38. Be2 Rh3 39. Bf1 Rf3 40. Be2 1/2-1/2

[Event "CRO-ch U17/U19"]
[Site "Vinkovci"]
[Date "2019.07.22"]
[Round "1"]
[White "Muha, Magdalena"]
[Black "Trgovac, Mira"]
[Result "1-0"]
[WhiteElo "1797"]
[BlackElo "1532"]
[PlyCount "81"]
[EventDate "2019.07.22"]
[EventType "swiss"]
[EventRounds "9"]
[EventCountry "CRO"]
[SourceTitle "EXT 2020"]
[Source "ChessBase"]
[SourceDate "2019.10.17"]
[SourceVersion "1"]
[SourceVersionDate "2019.10.17"]
[SourceQuality "1"]

1. d4 Nf6 2. c4 g6 3. Nc3 Bg7 4. e4 d6 5. f3 0-0 6. Be3 b6 7. Bd3 c5 8. Nge2 Bb7 9. 0-0 cxd4 10. Nxd4 Nc6 11. Bc2 Rc8 12. b3 Qd7 13. Qd2 Rfd8 14. Rad1 Qe8 15. Qf2 Nxd4 16. Bxd4 Nh5 17. Nb5 a6 18. Bxg7 Nxg7 19. Nd4 Bc6 20. Bd3 Rc7 21. f4 Qd7 22. f5 Rf8 23. Bb1 Rcc8 24. e5 f6 25. exd6 exd6 26. fxg6 hxg6 27. Bxg6 Qg4 28. Nxc6 Rxc6 29. Bf5 Nxf5 30. Qxf5 Qxf5 31. Rxf5 Kg7 32. Rfd5 Rd8 33. Kf2 Kf7 34. g4 Ke7 35. h4 Rg8 36. Kf3 Rg7 37. Kf4 Rh7 38. h5 a5 39. Rh1 Rc8 40. Re1+ Kd7 41. Kf5 1-0

[Event "CRO-ch U15 Girls"]
[Site "Trogir"]
[Date "2018.06.18"]
[Round "4"]
[White "Juric, Ester"]
[Black "Trgovac, Mira"]
[Result "1-0"]
[WhiteElo "1536"]
[BlackElo "1431"]
[PlyCount "75"]
[EventDate "2018.06.16"]
[EventType "swiss"]
[EventRounds "9"]
[EventCountry "CRO"]
[SourceTitle "EXT 2019"]
[Source "ChessBase"]
[SourceDate "2018.10.10"]
[SourceVersion "1"]
[SourceVersionDate "2018.10.10"]
[SourceQuality "1"]

1. d4 d5 2. c4 e6 3. Nc3 Nf6 4. Nf3 Be7 5. Bf4 0-0 6. e3 a6 7. cxd5 Nxd5 8. Nxd5 exd5 9. h3 Bf5 10. a3 Nc6 11. Bd3 Bxd3 12. Qxd3 Bd6 13. Bxd6 Qxd6 14. 0-0 h6 15. Rac1 Na5 16. Nd2 Rac8 17. b4 Nc6 18. Nb3 Ne7 19. Nc5 Rb8 20. f3 Rfd8 21. Rfd1 Ng6 22. e4 Qg3 23. exd5 Nf4 24. Qd2 Nxh3+ 25. Kf1 Rxd5 26. Ne4 Qf4 27. gxh3 Qxf3+ 28. Nf2 Rf5 29. Rc3 Qh1+ 30. Ke2 Qg2 31. Rf1 Re8+ 32. Re3 Rd8 33. Qd3 Rfd5 34. Rg3 Re8+ 35. Kd1 Qh2 36. Ng4 Rxd4 37. Nxh2 Rxd3+ 38. Rxd3 1-0

[Event "CRO-ch U15 Girls"]
[Site "Trogir"]
[Date "2018.06.16"]
[Round "1"]
[White "Trgovac, Mira"]
[Black "Dejanovic, Tereza"]
[Result "1/2-1/2"]
[WhiteElo "1431"]
[BlackElo "1815"]
[PlyCount "46"]
[EventDate "2018.06.16"]
[EventType "swiss"]
[EventRounds "9"]
[EventCountry "CRO"]
[SourceTitle "EXT 2019"]
[Source "ChessBase"]
[SourceDate "2018.10.10"]
[SourceVersion "1"]
[SourceVersionDate "2018.10.10"]
[SourceQuality "1"]

1. d4 d5 2. c4 e6 3. Nc3 Nf6 4. Nf3 c6 5. cxd5 exd5 6. Bf4 Bd6 7. Bxd6 Qxd6 8. e3 0-0 9. h3 Re8 10. Bd3 Ne4 11. Qc2 f5 12. 0-0 Nd7 13. a3 a5 14. Rac1 Ndf6 15. Na4 f4 16. Rfe1 fxe3 17. Rxe3 Qf4 18. Rce1 Bf5 19. Nc5 Reb8 20. Bxe4 Nxe4 21. Qc1 Qc7 22. Nd2 Nxc5 23. Qxc5 Bg6 1/2-1/2

[Event "CRO-chT U16 Girls"]
[Site "Nasice"]
[Date "2017.12.28"]
[Round "2"]
[White "Bevanda, Ema"]
[Black "Trgovac, Mira"]
[Result "1-0"]
[WhiteElo "1527"]
[BlackElo "1405"]
[PlyCount "129"]
[EventDate "2017.12.27"]
[EventType "team-tourn"]
[EventRounds "5"]
[EventCountry "CRO"]
[SourceTitle "EXT 2019"]
[Source "ChessBase"]
[SourceDate "2018.10.10"]
[SourceVersion "1"]
[SourceVersionDate "2018.10.10"]
[SourceQuality "1"]

1. d4 d5 2. Bf4 Nf6 3. e3 Bf5 4. Nf3 e6 5. Bd3 Bg4 6. Nbd2 Bd6 7. Bg3 0-0 8. c3 Nc6 9. Qc2 Bh5 10. Bh4 Bg6 11. e4 dxe4 12. Nxe4 Be7 13. 0-0 Nxe4 14. Bxe7 Qxe7 15. Bxe4 Bxe4 16. Qxe4 Qf6 17. Rfe1 Rfd8 18. Rad1 Rab8 19. Qg4 Qg6 20. Qf4 Rbc8 21. Re4 Ne7 22. Rde1 Nd5 23. Qh4 Qf6 24. Qg3 Ne7 25. Rf4 Nf5 26. Qg4 Qg6 27. Qxg6 hxg6 28. Ng5 Rf8 29. g3 c5 30. dxc5 Rxc5 31. Kg2 Ra5 32. a4 Ne3+ 33. Rxe3 Rxg5 34. g4 Rd5 35. Rh3 Rfd8 36. Rhf3 R8d7 37. h4 Rd2 38. b4 R2d3 39. Rxf7 Rxf3 40. Rxd7 Rxc3 41. Rxb7 Rc4 42. a5 Rxg4+ 43. Kh3 Rd4 44. a6 Kh7 45. b5 Rb4 46. Rb8 Ra4 47. Kg3 g5 48. hxg5 Kg6 49. f4 Ra3+ 50. Kg4 Ra4 51. Kf3 Kf5 52. Rf8+ Kg6 53. Ke3 Rb4 54. Rb8 Ra4 55. Rb7 Rb4 56. Kd3 Kf5 57. Kc3 Rb1 58. Kc4 Rc1+ 59. Kb3 Rc5 60. Kb4 Rd5 61. Rxa7 Kxf4 62. b6 e5 63. b7 Rd1 64. Kc3 Rb1 65. Ra8 1-0

[Event "CRO-ch U13 Girls"]
[Site "Trogir"]
[Date "2016.06.26"]
[Round "9"]
[White "Smetisko, Lucija"]
[Black "Trgovac, Mira"]
[Result "1-0"]
[WhiteElo "1537"]
[BlackElo "1296"]
[PlyCount "91"]
[EventDate "2016.06.21"]
[EventType "swiss"]
[EventRounds "9"]
[EventCountry "CRO"]
[SourceTitle "EXT 2017"]
[Source "ChessBase"]
[SourceDate "2016.10.25"]
[SourceVersion "1"]
[SourceVersionDate "2016.10.25"]
[SourceQuality "1"]

1. e4 c6 2. d4 d5 3. exd5 cxd5 4. Nf3 Bg4 5. Be2 e6 6. Ne5 Bxe2 7. Qxe2 Nf6 8. 0-0 Nbd7 9. Bg5 Be7 10. Nd2 Rb8 11. c3 h6 12. Bf4 Rc8 13. Rfe1 a6 14. Rac1 Qa5 15. Nxf7 Kxf7 16. Qxe6+ Kf8 17. Qxe7+ Kg8 18. Qe6+ Kh7 19. Qf5+ Kg8 20. Be5 Rf8 21. Bd6 Rf7 22. Re7 Rxe7 23. Bxe7 Kf7 24. Bxf6 Nxf6 25. Nf3 Rf8 26. Re1 Kg8 27. Qe6+ Kh7 28. Qf5+ Kg8 29. Qg6 Qxa2 30. Re7 Ne8 31. Rxe8 Rxe8 32. Qxe8+ Kh7 33. Qe2 Qb1+ 34. Ne1 Kh8 35. Kf1 a5 36. Qc2 Qa2 37. b3 Qxc2 38. Nxc2 g6 39. Ke2 Kg7 40. Kd3 Kf6 41. c4 Ke6 42. Ne3 dxc4+ 43. Nxc4 b6 44. Nxb6 Kd6 45. Nc4+ Kc7 46. Nxa5 1-0